<?xml version="1.0" encoding="UTF-8"?>
<collection xmlns="http://www.loc.gov/MARC21/slim">
 <record>
  <leader>04688nam a2200349 a 4500</leader>
  <controlfield tag="001">kal3960</controlfield>
  <controlfield tag="003">Gr-AtHEAL</controlfield>
  <controlfield tag="005">20160421092748.0</controlfield>
  <controlfield tag="006">m        d        </controlfield>
  <controlfield tag="008">160413s2015    gr      s           gre|c</controlfield>
  <datafield tag="020" ind1=" " ind2=" ">
   <subfield code="a">9789606034435</subfield>
  </datafield>
  <datafield tag="040" ind1=" " ind2=" ">
   <subfield code="a">GR-AtHEAL</subfield>
   <subfield code="b">gre</subfield>
   <subfield code="c">GR-AtHEAL</subfield>
  </datafield>
  <datafield tag="082" ind1="0" ind2="4">
   <subfield code="a">621.3678</subfield>
   <subfield code="2">23</subfield>
  </datafield>
  <datafield tag="100" ind1="1" ind2=" ">
   <subfield code="a">Παρχαρίδης, Ισαάκ.</subfield>
   <subfield code="8">166</subfield>
  </datafield>
  <datafield tag="245" ind1="1" ind2="0">
   <subfield code="a">Αρχές δορυφορικής τηλεπισκόπησης</subfield>
   <subfield code="h">[Ηλεκτρονικός πόρος] </subfield>
   <subfield code="b">Θεωρία και εφαρμογές</subfield>
   <subfield code="c">Παρχαρίδης, Ισαάκ ; Κριτικός αναγνώστης,Νικολακόπουλος, Κωνσταντίνος ; Τεχνική επιμέλεια,Μωυσιάδης, Αθανάσιος ; Γλωσσική επιμέλεια,Κιοσέογλου, Νερίνα.</subfield>
  </datafield>
  <datafield tag="260" ind1=" " ind2=" ">
   <subfield code="a">Αθήνα :</subfield>
   <subfield code="b">Σύνδεσμος Ελληνικών Ακαδημαϊκών Βιβλιοθηκών,</subfield>
   <subfield code="c">c2015.</subfield>
  </datafield>
  <datafield tag="490" ind1=" " ind2=" ">
   <subfield code="a">Ακαδημαϊκά Ηλεκτρονικά Συγγράμματα και Βοηθήματα Κάλλιπος</subfield>
   <subfield code="8">40</subfield>
  </datafield>
  <datafield tag="520" ind1=" " ind2=" ">
   <subfield code="a">Η επιστήμη της Τηλεπισκόπησης είναι πολύ ευρεία τόσο ως προς τα δεδομένα που χρησιμοποιούνται όσο και τις τεχνικές επεξεργασίας τους και τις εφαρμογές ενώ θα πρέπει να ληφθεί υπόψη και η ταχύτατη εξέλιξη της. Το σύγγραμμά αυτό στόχο έχει να παρέχει γνώση και κατανόηση των βασικών εννοιών, των αρχών και των εφαρμογών της τηλεπισκόπησης.Παρέχει παραδείγματα εφαρμογών των βασικών αρχών σε μια ποικιλία αντικειμένων της τηλεπισκόπησης, που συνδέονται κυρίως με τη επιλογή των δεδομένων, τη συλλογή τους, την ανάλυση και ερμηνεία. Επίσης επιχειρείται να προσδιοριστούν τα όρια της Τηλεπισκόπησης ως προς τις δυνατότητες και τους περιορισμούς της. Τα βασικά αντικείμενα του συγγράμματος αφορούν: Εισαγωγή στην επιστήμη με στοιχεία ιστορικά, τον ρόλο της Τηλεπισκόπησης στη μελέτη του περιβάλλοντος, τις φυσικές αρχές, τα παθητικά και ενεργητικά όργανα καταγραφής και τα χαρακτηριστικά τους , τα βασικά στάδια προ-επεξεργασίας, επεξεργασίας και ερμηνείας. Στο τελευταίο κεφάλαιο παρουσιάζονται χαρακτηριστικά παραδείγματα εφαρμογών τόσο στο φυσικό όσο και στο ανθρωπογενές περιβάλλον μέσα από την ερευνητική δραστηριότητα του συγγραφέα .Στο τέλος κάθε κεφαλαίου υπάρχουν πηγές αναζήτησης πρόσθετης γνώσης καθώς επίσης και τεστ με ερωτήσεις για την αυτό-αξιολόγηση του φοιτητή.Το βιβλίο αυτό με βάση το περιεχόμενό του καταφέρνει να διατηρήσει μια ισορροπία μεταξύ της θεωρίας, των βασικών εργαλείων επεξεργασίας δορυφορικών εικόνων και των εφαρμογών της.</subfield>
  </datafield>
  <datafield tag="650" ind1=" " ind2="0">
   <subfield code="a">Remote sensing</subfield>
   <subfield code="8">1955</subfield>
  </datafield>
  <datafield tag="650" ind1=" " ind2="0">
   <subfield code="a">Satellites.</subfield>
   <subfield code="8">1956</subfield>
  </datafield>
  <datafield tag="653" ind1=" " ind2=" ">
   <subfield code="a">Εφαρμογές τηλεπισκόπησης</subfield>
  </datafield>
  <datafield tag="653" ind1=" " ind2=" ">
   <subfield code="a">Ψηφιακή επεξεργασία</subfield>
  </datafield>
  <datafield tag="653" ind1=" " ind2=" ">
   <subfield code="a">Δορυφόροι</subfield>
  </datafield>
  <datafield tag="653" ind1=" " ind2=" ">
   <subfield code="a">Δορυφορικές εικόνες</subfield>
  </datafield>
  <datafield tag="653" ind1=" " ind2=" ">
   <subfield code="a">Τηλεπισκόπηση</subfield>
  </datafield>
  <datafield tag="653" ind1=" " ind2=" ">
   <subfield code="a">Επιστήμες της γης</subfield>
   <subfield code="a">Γεωγραφία</subfield>
  </datafield>
  <datafield tag="700" ind1="1" ind2=" ">
   <subfield code="a">Νικολακόπουλος, Κωνσταντίνος</subfield>
   <subfield code="e">Κριτικός αναγνώστης</subfield>
   <subfield code="8">169</subfield>
  </datafield>
  <datafield tag="856" ind1="4" ind2="0">
   <subfield code="u">http://hdl.handle.net/11419/3960</subfield>
   <subfield code="z">Πλήρες Κείμενο - Full text</subfield>
  </datafield>
  <datafield tag="907" ind1=" " ind2=" ">
   <subfield code="a">.b25680985</subfield>
   <subfield code="b">12-06-18</subfield>
   <subfield code="c">29-07-16</subfield>
  </datafield>
  <datafield tag="949" ind1=" " ind2=" ">
   <subfield code="0">0</subfield>
   <subfield code="1">0</subfield>
   <subfield code="2">ddc</subfield>
   <subfield code="4">0</subfield>
   <subfield code="6">621_367800000000000_ΠΑΡ</subfield>
   <subfield code="7">0</subfield>
   <subfield code="8">KALL</subfield>
   <subfield code="8">857</subfield>
   <subfield code="d">2016-04-13</subfield>
   <subfield code="r">2016-04-13</subfield>
   <subfield code="w">2016-04-13</subfield>
   <subfield code="z">621.3678 ΠΑΡ</subfield>
   <subfield code="o">SEAB KALLIPOS</subfield>
  </datafield>
  <datafield tag="998" ind1=" " ind2=" ">
   <subfield code="a">80</subfield>
   <subfield code="a">01</subfield>
   <subfield code="a">02</subfield>
   <subfield code="a">03</subfield>
   <subfield code="a">04</subfield>
   <subfield code="a">05</subfield>
   <subfield code="a">06</subfield>
   <subfield code="a">07</subfield>
   <subfield code="a">08</subfield>
   <subfield code="a">09</subfield>
   <subfield code="a">10</subfield>
   <subfield code="a">12</subfield>
   <subfield code="a">11</subfield>
   <subfield code="a">13</subfield>
   <subfield code="a">14</subfield>
   <subfield code="a">15</subfield>
   <subfield code="a">16</subfield>
   <subfield code="a">17</subfield>
   <subfield code="a">18</subfield>
   <subfield code="a">19</subfield>
   <subfield code="a">20</subfield>
   <subfield code="a">21</subfield>
   <subfield code="a">22</subfield>
   <subfield code="a">23</subfield>
   <subfield code="a">24</subfield>
   <subfield code="a">25</subfield>
   <subfield code="a">26</subfield>
   <subfield code="b">22-05-17</subfield>
   <subfield code="c">m</subfield>
   <subfield code="d">z  </subfield>
   <subfield code="e">-</subfield>
   <subfield code="f">gre</subfield>
   <subfield code="g">gr </subfield>
   <subfield code="h">0</subfield>
  </datafield>
  <datafield tag="942" ind1=" " ind2=" ">
   <subfield code="2">ddc</subfield>
   <subfield code="c">KALLIPOS</subfield>
  </datafield>
 </record>
</collection>
